| Tag |
First Indicator |
Second Indicator |
Subfields |
| LEADER |
00000cam a2200000 4500 |
| 001 |
in00000042725 |
| 005 |
20151007074840.0 |
| 008 |
741003s1924 pauabf b 00010 eng u |
| 010 |
|
|
|a 24015411
|
| 035 |
|
|
|a (OCoLC)01029269
|
| 035 |
|
|
|9 AAF2205AM
|
| 040 |
|
|
|c HEI
|d TXA
|d UtOrBLW
|
| 049 |
|
|
|a TXAM
|c [89437]
|
| 050 |
|
0 |
|a QL676
|b .W39 1924
|
| 092 |
|
|
|a 598.2
|b W394b3
|
| 100 |
1 |
|
|a Weed, Clarence Moores,
|d 1864-1947.
|
| 245 |
1 |
0 |
|a Birds in their relations to man ;
|b a manual of economic ornithology for the United States and Canada /
|c by Clarence M. Weed and Ned Dearborn.
|
| 250 |
|
|
|a 3d ed., rev.
|
| 264 |
|
1 |
|a Philadelphia,
|a London :
|b Lippincott,
|c 1924.
|
| 300 |
|
|
|a viii, 414 pages :
|b frontispiece, illustrations (including maps) plates, diagrams ;
|c 22 cm.
|
| 336 |
|
|
|a text
|b txt
|2 rdacontent
|
| 337 |
|
|
|a unmediated
|b n
|2 rdamedia
|
| 338 |
|
|
|a volume
|b nc
|2 rdacarrier
|
| 504 |
|
|
|a Bibliography: pages 355-407.
|
| 650 |
|
0 |
|a Birds.
|
| 650 |
|
0 |
|a Zoology, Economic.
|
| 650 |
|
0 |
|a Birdhouses.
|
| 700 |
1 |
|
|a Dearborn, Ned,
|d 1865-
|
| 999 |
|
|
|a MARS
|
| 999 |
f |
f |
|s 807bf300-e4c6-35c7-aad8-af4c48bb5ec1
|i cf1e9305-035a-37b5-9962-93845f771b40
|t 0
|
| 952 |
f |
f |
|p ric
|a Texas A&M University
|b Rellis Campus
|c Joint Library Facility
|d Remote Storage
|t 0
|e QL676 .W39 1924
|h Library of Congress classification
|i unmediated -- volume
|m A14801022604
|
| 998 |
f |
f |
|a QL676 .W39 1924
|t 0
|l Remote Storage
|